[Event "Berlin Lichtenberger op 18th"]
[Site "Berlin"]
[Date "2019.08.22"]
[Round "6"]
[White "Tedesco, Gennaro"]
[Black "Dittrich, Hans Georg"]
[Result "1/2-1/2"]
[WhiteElo "1663"]
[BlackElo "1722"]
[PlyCount "44"]
[EventDate "2019.08.17"]
[EventType "swiss"]
[EventRounds "9"]
[EventCountry "GER"]
[SourceTitle "EXT 2020"]
[Source "ChessBase"]
[SourceDate "2019.10.17"]
[SourceVersion "1"]
[SourceVersionDate "2019.10.17"]
[SourceQuality "1"]

1. d4 c5 2. d5 f5 3. c4 Nf6 4. Nc3 g6 5. Nf3 Bg7 6. g3 0-0 7. Bg2 d6 8. 0-0 Na6 9. Re1 Nc7 10. a4 b6 11. e4 fxe4 12. Ng5 a6 13. Ngxe4 Nxe4 14. Bxe4 Rb8 15. Bd3 Bd4 16. Be3 e5 17. Bxd4 exd4 18. Ne4 Bf5 19. f4 h6 20. Qc2 Kg7 21. Nf2 Qd7 22. Bxf5 gxf5 1/2-1/2

[Event "Berlin Lichtenberger op 16th"]
[Site "Berlin"]
[Date "2017.08.27"]
[Round "9"]
[White "Junge, Wolfgang"]
[Black "Dittrich, Hans Georg"]
[Result "1/2-1/2"]
[WhiteElo "1853"]
[BlackElo "1742"]
[PlyCount "93"]
[EventDate "2017.08.19"]
[EventType "swiss"]
[EventRounds "9"]
[EventCountry "GER"]
[SourceTitle "CBM 180 Extra"]
[Source "ChessBase"]
[SourceDate "2017.10.06"]
[SourceVersion "1"]
[SourceVersionDate "2017.10.06"]
[SourceQuality "1"]

1. d4 d5 2. c4 c6 3. Nf3 Nf6 4. Nc3 e6 5. e3 Nbd7 6. Qc2 Qc7 7. Bd3 dxc4 8. Bxc4 b5 9. Be2 Bb7 10. Nxb5 Qb6 11. Nc3 Rc8 12. Bd2 Be7 13. Na4 Qc7 14. Nc5 0-0 15. Nxb7 Qxb7 16. Rc1 c5 17. dxc5 Nxc5 18. Qb1 Nce4 19. 0-0 Nxd2 20. Nxd2 Rxc1 21. Rxc1 Rb8 22. b3 Ba3 23. Rc4 Rd8 24. Qc2 Bb4 25. Nf3 Nd5 26. Nd4 Bd6 27. Bf3 Qa6 28. Bxd5 exd5 29. Rc6 Qa5 30. g3 Be5 31. Nf3 Bf6 32. Rc8 g6 33. Rxd8+ Qxd8 34. Qc5 Qd7 35. Nd4 h5 36. Qc6 Qd8 37. Nb5 d4 38. exd4 Bxd4 39. Qd6 Qxd6 40. Nxd6 Kf8 41. h3 Ke7 42. Nc4 Ke6 43. Kf1 g5 44. f3 f5 45. Ke2 Bc5 46. g4 hxg4 47. hxg4 1/2-1/2

[Event "Helsingor Xtracon op"]
[Site "Helsingor"]
[Date "2017.07.24"]
[Round "4"]
[White "Huse, Arne Kjelsbol"]
[Black "Dittrich, Hans Georg"]
[Result "0-1"]
[WhiteElo "1352"]
[BlackElo "1742"]
[PlyCount "96"]
[EventDate "2017.07.22"]
[EventType "swiss"]
[EventRounds "10"]
[EventCountry "DEN"]
[SourceTitle "CBM 179 Extra"]
[Source "ChessBase"]
[SourceDate "2017.08.23"]
[SourceVersion "1"]
[SourceVersionDate "2017.08.23"]
[SourceQuality "1"]

1. e4 e6 2. d4 c5 3. c3 a6 4. Bd3 b5 5. Bf4 Bb7 6. Nf3 Nf6 7. Nbd2 Be7 8. 0-0 0-0 9. Re1 Nc6 10. Bc2 Na5 11. b3 cxd4 12. cxd4 Rc8 13. Nf1 Re8 14. Rc1 Ba3 15. Rb1 Nc6 16. Bd2 Nb4 17. Bxb4 Bxb4 18. Re2 Qc7 19. Qd3 Qc3 20. Qd1 d6 21. Rc1 Ba3 22. Rb1 Rc7 23. Bd3 Rec8 24. Rc2 Qb4 25. Rxc7 Rxc7 26. Qe2 d5 27. e5 Ne4 28. Bxe4 dxe4 29. N3d2 Qxd4 30. Ng3 Qxe5 31. Ndxe4 f5 32. Ng5 Qxe2 33. Nxe2 e5 34. Ng3 g6 35. Rd1 Rc1 36. Rxc1 Bxc1 37. Ne6 Ba3 38. Ne2 Bd6 39. Nc1 Be4 40. Kf1 Bb1 41. Ke2 h6 42. Nd8 Kg7 43. Nc6 Be4 44. Nd8 Bxg2 45. f3 e4 46. fxe4 Bxe4 47. h3 Kf6 48. Nd3 Ke7 0-1

[Event "Berlin Lichtenberger op 14th"]
[Site "Berlin"]
[Date "2015.08.18"]
[Round "4"]
[White "Steinert, Christian"]
[Black "Dittrich, Hans Georg"]
[Result "0-1"]
[WhiteElo "1971"]
[BlackElo "1722"]
[PlyCount "66"]
[EventDate "2015.08.15"]
[EventType "swiss"]
[EventRounds "9"]
[EventCountry "GER"]
[SourceTitle "EXT 2016"]
[Source "ChessBase"]
[SourceDate "2015.10.08"]
[SourceVersion "1"]
[SourceVersionDate "2015.10.08"]
[SourceQuality "1"]

1. e4 e5 2. Nf3 Nc6 3. Bc4 Bc5 4. c3 Nf6 5. d4 exd4 6. e5 d5 7. Bb5 Ne4 8. cxd4 Bb4+ 9. Nbd2 0-0 10. a3 Bxd2+ 11. Bxd2 Bg4 12. Be3 Ne7 13. h3 Bh5 14. g4 Bg6 15. Nh2 c6 16. Bf1 Qa5+ 17. b4 Qd8 18. Qc1 Nc8 19. Rg1 Nb6 20. g5 Na4 21. f3 Nec3 22. Qd2 a5 23. Rc1 axb4 24. axb4 Nb1 25. Qf2 Nac3 26. h4 Ra2 27. Qg3 Qb6 28. Rg2 Rfa8 29. h5 Qxb4 30. Bd2 Rxd2 31. Rxd2 Ne4 32. Qg2 Nexd2 33. hxg6 Ne4+ 0-1

[Event "Berlin Lichtenberger op 11th"]
[Site "Berlin"]
[Date "2012.08.18"]
[Round "1"]
[White "Dittrich, Hans Georg"]
[Black "Amelang, Thomas"]
[Result "0-1"]
[WhiteElo "1748"]
[BlackElo "2140"]
[PlyCount "64"]
[EventDate "2012.08.18"]
[EventType "swiss"]
[EventRounds "9"]
[EventCountry "GER"]
[SourceTitle "CBM 150 Extra"]
[Source "ChessBase"]
[SourceDate "2012.10.19"]
[SourceVersion "1"]
[SourceVersionDate "2012.10.19"]
[SourceQuality "1"]

1. e4 d6 2. d4 g6 3. f4 Bg7 4. Nf3 Nf6 5. Nc3 c6 6. Be2 a6 7. 0-0 b5 8. a3 Qb6 9. Kh1 d5 10. exd5 cxd5 11. Be3 Bb7 12. Ne5 e6 13. Bf3 Nc6 14. Ne2 a5 15. Ng3 0-0 16. h4 b4 17. h5 Rfc8 18. Qd3 Ba6 19. Qd2 Bxf1 20. Rxf1 Ne7 21. Nd3 bxa3 22. bxa3 Nd7 23. hxg6 hxg6 24. Ne5 Qd6 25. c4 Nxe5 26. fxe5 Qxa3 27. c5 Qa4 28. Bg5 Qd7 29. Bf6 a4 30. Qg5 Nf5 31. Nh5 Qb5 32. Kg1 Bh6 0-1